Представление документа в формате MARC21

Поле Инд. ПП Название Значение
Тип записи a
Библиографический уровень m
001 Контрольный номер RU/LIBMSTU/268236656
005 Дата корректировки 20161205091933.0
020 00 a ISBN 5-02-008422-0
c Цена, тираж 131-00
020 00 a ISBN 5-02-013100-8 (т.2)
084 a Индекс другой классификации/Индекс ББК 65.5+66.2
090 00 a Полочн. индекс 65.5
x Авторский знак Ц 38
245 00 a Заглавие Центрально-Восточная Европа во второй половине XX века. В 3 т.
n Номер части/ раздела Т. 2. От стабилизации к кризису. 1966-1989
260 00 a Место издания Москва
b Издательство Наука
c Дата издания 2002
300 00 a Объем 516 с.
650 _4 a Основная рубрика Центрально-Восточная Европа, 20 в.
651 _4 a Географическое наименование Центрально-Восточная Европа
653 00 a Ключевые слова Интеграция
a Ключевые слова Кризисы
a Ключевые слова Международные отношения
a Ключевые слова Национализм
a Ключевые слова Политика
a Ключевые слова Совет экономической взаимопомощи
a Ключевые слова Социализм
a Ключевые слова Стабилизация
a Ключевые слова СЭВ
990 00 f Даты поступлений (DOS) 11.02